000 00579cam a22001932 4500
001 0000019763
005 20151217152201.0
008 110207s xx 000 0 eng d
040 _aKABU
_cKABU
050 0 _aHJ3043
_b.S772 2009
110 2 _aStrathmore University.
_bDistance Learning Centre.
_@0000150769
245 1 0 _aTaxation I :
_bSubject no. 10 revision kit.
260 _aNairobi :
_bSUP,
_c2009.
300 _ax, 172 p.
650 0 _aTaxation
_zKenya.
_@0000152741
852 1 _9p980 KES
908 _a110207
950 _@1
999 _c9070
_d9070